000
00291nam a22001337a 4500
008
170809b xxu||||| |||| 00| 0 eng d
020
_a
9780763742959
041
_a
eng
080
_a
004
100
_a
35
101
_a
SHK
245
_a
CONCEPTS IN COMPUTING
_c
HOGANSON,K
942
_2
udc
_c
BK
999
_c
22976
_d
22976